| 000 | 01382cam a22004097a 4500 | ||
|---|---|---|---|
| 003 | CHAP | ||
| 005 | 20220817043730.0 | ||
| 008 | 001122d2000 espaob r 00110 esp d | ||
| 010 | _a82922 | ||
| 011 | _a83894 | ||
| 020 | _a8428327041 | ||
| 035 | _a94413 | ||
| 040 | _cCHAP | ||
| 082 | 0 | 4 |
_a338.1 _bR5Y |
| 100 | 0 | 0 |
_aRicketts, Cliff. _997315 |
| 245 | 1 | 0 |
_aIntroducción al negocio de la agricultura _c/por Cliff Ricketts y Omri Rawlins. |
| 260 |
_aMadrid, España : _bInternational Thomson Editores Spain Paraninfo, _c2000. |
||
| 300 |
_a561 p. : _bilus.: fots.; mapas; gráfs.; cuads. |
||
| 490 | 0 | _aParaninfo | |
| 590 |
_aBATCH-UPD _b10 _c20130110 _lUCH01 _h0452 |
||
| 590 |
_aBATCH-UPD _b10 _c20130410 _lUCH01 _h0129 |
||
| 590 |
_aBATCH-UPD _b10 _c20130914 _lUCH01 _h0052 |
||
| 590 |
_aBATCH-UPD _b10 _c20130914 _lUCH01 _h1900 |
||
| 590 |
_aCONVERSION _b10 _c20130109 _lUCH01 _h1346 |
||
| 650 | 1 | 4 |
_aAgricultura _xAspectos económicos. |
| 650 | 1 | 4 |
_aAgricultura _xIndustrialización. _91560 |
| 650 | 1 | 4 |
_aCrédito agrícola. _929022 |
| 650 | 1 | 4 |
_aEmpresas. _936635 |
| 650 | 1 | 4 |
_aIndustrias agrícolas. _957925 |
| 650 | 1 | 4 |
_aProductos agrícolas _xMercadeo. _991951 |
| 700 | 0 |
_aRawlins, Omri. _994790 |
|
| 830 | 0 | 0 |
_aParaninfo _985459 |
| 901 | _aBK | ||
| 905 | _aEdna Luz | ||
| 942 | _cLIBRO | ||
| 949 |
_a338.1 R5Y _bBC _cLIBRO _d33724000813101 _eLIBRO _h99144 _i94413 _si _t$348.50 |
||
| 999 |
_c82922 _d82922 |
||